000 00742nam a22002055i 4500
001 155116
003 ES-MaACL
005 20240126063016.0
008 040722s1873 gw |||| | ger d
080 _a159.964.2
100 1 _aHartmann, Eduard von,
_d1842-1906
_961986
245 1 0 _aPhilosophie des unbewussten /
_cvon Eduard von Hartmann.
250 _a5. Aufl. druch. und verm.
260 _aBerlin :
_bCarl Dunckers Verlag,
_c1873 (
_eAltenburg :
_fStephan Geibel & Co.)
300 _a847 p., [1] h. de lám. ;
_c23 cm.
599 _aLám.: grab. calc.: "Stich u. Druck v. Weger, Leipzig", retrato del autor.
650 4 _aSubconsciente.
_917233
852 4 _aES-MaACL
_jG-2813
_z- Enc. hol.
999 _c155116
_d155116